000 01207phm a2200205 a 4500
999 _c2552
_d2552
020 _a9780071325868
022 _a0071325867
050 _aHG4027.5.R53
100 _aAshok J Robin
245 _aInternational Corporate Finanace
_cAshok J Robin
250 _aInternational Edition
260 _aNew York
_b: McGraw-Hill
_c2011
300 _a440 p
_bXIX, . : fig. ; 28 cm
440 _aMcGraw-Hill/Irwin series in finance, insurance, and real estate
500 _aincludes index
505 _aChapter 1: Introduction Chapter 2: International Financial Markets: Structure and Innovation Chapter 3: Currency and Eurocurrency Derivatives Chapter 4: Currency Systems and Valuation Chapter 5: Currency Parity Conditions Chapter 6: Currency Risk Exposure Measurement Chapter 7: Currency Exposure Management Chapter 8: Capital Budgeting Chapter 9: Advanced Capital Budgeting Chapter 10: Long Term Financing Chapter 11: Optimizing and Financing Working Capital Chapter 12: International Alliances and Acquisitions Chapter 13: International Trade Chapter 14: International Taxation and Accounting Chapter 15: International Portfolio Investments
650 _aFinance
700 _aRobin J. ASHOK
942 _cBK